00484nam a2200205Ia 4500008004100000020001800041050001400059100001600073245002400089245003800113260001500151260001600166260000900182300001600191300002700207300001000234440002000244440000600264500000800270170918s9999 xx 000 0 und d a9780545351782 bH758 2010 aHolub, Joan aArtemis the brave / cJoan Holub and Suzanne Williams / aNew York : bScholastic, c2010 a221 pages : bcolored illustration ; c19cm. aGoddess girls ; v4 a720